| 000 | 01132nam a22002537a 4500 | ||
|---|---|---|---|
| 005 | 2012080109279.0 | ||
| 010 | _aB-475602-603 | ||
| 020 | _a9781857436211 (v.1) | ||
| 020 | _a9781857436228 (v.2) | ||
| 020 |
_a9781857436204 (set) _cBP 610 Rs. 50,325.00 |
||
| 035 | _aB-475602-603 | ||
| 037 |
_adpl _bRBC/Ven |
||
| 082 | _a060 | ||
| 245 | _aThe Europa world of learning 2012 | ||
| 250 | _a62nd ed. | ||
| 260 |
_aLondon _bRoutledge _c2011 |
||
| 300 |
_a2v. (xiii, 1464p.; xi, 1465-2996p.) _c28 cm. (Hb) |
||
| 500 | _aIt includes index | ||
| 505 | _av.1-- International organizations; Countries : Afghanistan - Myanmar. v.2-- Countries : Nambia - Zimbabwe. | ||
| 942 |
_2ddc _cEN _h060 _mEUR |
||
| 999 |
_c68839 _d68839 |
||